Normal view MARC view
  • Self-realization

Entry Topical Term

Number of records used in: 2

001 - CONTROL NUMBER

  • control field: 1359

003 - CONTROL NUMBER IDENTIFIER

  • control field: OSt

005 - DATE AND TIME OF LATEST TRANSACTION

  • control field: 20170504134520.0

008 - FIXED-LENGTH DATA ELEMENTS

  • fixed length control field: 170504|| aca||aabn | a|a d

040 ## - CATALOGING SOURCE

  • Original cataloging agency: OSt
  • Transcribing agency: OSt

150 ## - HEADING--TOPICAL TERM

  • Topical term or geographic name entry element: Self-realization
  • General subdivision: Religious aspects
  • General subdivision: Islam

670 ## - SOURCE DATA FOUND

  • Source citation: Work cat.: (OSt)0: Danial Zainal Abidin, 1955-, author. 1357, Tip-tip cemerlang daripada Quran /
Pusat Sumber Maklumat Dato' Haji Sarmin Md Hussin, Akademi Kastam Diraja Malaysia, Melaka
Tel: 06-2331106 | Faks: 06-2313787